[Event "3rd Sharjah Masters 2019"]
[Site "Sharjah UAE"]
[Date "2019.03.24"]
[Round "3.9"]
[White "Gupta, Abhijeet"]
[Black "Vignesh, N R"]
[Result "1/2-1/2"]
[WhiteTitle "GM"]
[BlackTitle "IM"]
[WhiteElo "2602"]
[BlackElo "2476"]
[WhiteFideId "5010608"]
[BlackFideId "25012215"]
[EventDate "2019.03.22"]

1. d4 d5 2. c4 e6 3. Nf3 Nf6 4. g3 Bb4+ 5. Bd2 Be7 6. Bg2 O-O 7. O-O c6 8. Qc2
Nbd7 9. Rd1 b6 10. Bf4 Bb7 11. Ne5 Nh5 12. Bc1 Nhf6 13. cxd5 cxd5 14. Nc6 Bxc6
15. Qxc6 Rc8 16. Qb5 Nb8 17. Nc3 Nc6 18. e3 Ne8 19. e4 Nd6 20. Qa4 Nxe4 21. Nxe4
dxe4 22. Bxe4 Na5 23. b4 Nc4 24. Rb1 Bf6 25. b5 Bxd4 26. Be3 Nxe3 27. Rxd4 Nd5
28. Bxd5 exd5 29. Qxa7 Ra8 30. Qb7 Rxa2 31. Rxd5 Qf6 32. Rf1 Rb2 33. Qd7 Qe6 34.
Qxe6 fxe6 35. Re5 Rf5 36. Rxe6 Rfxb5 37. Re7 Rf5 38. Kg2 Rf7 39. Re5 b5 40. g4
h6 41. Kg3 g5 42. Re3 Kg7 43. h3 Rd2 44. Rb3 Rd5 45. Rfb1 Rb7 46. h4 h5 1/2-1/2

[Event "3rd Sharjah Masters 2019"]
[Site "Sharjah UAE"]
[Date "2019.03.24"]
[Round "3.10"]
[White "Nihal, Sarin"]
[Black "El Adnani, Mokliss"]
[Result "1-0"]
[WhiteTitle "GM"]
[BlackTitle "IM"]
[WhiteElo "2578"]
[BlackElo "2455"]
[WhiteFideId "25092340"]
[BlackFideId "9000410"]
[EventDate "2019.03.22"]

1. e4 c5 2. Nf3 Nc6 3. Bb5 g6 4. Bxc6 dxc6 5. d3 Bg7 6. h3 Nf6 7. Nc3 Nd7 8. Be3
e5 9. Qc1 Qe7 10. Bh6 f6 11. Bxg7 Qxg7 12. a4 a5 13. Nd2 Nf8 14. Nc4 Qc7 15. Qh6
Ne6 16. O-O b6 17. f4 Ba6 18. f5 Nd4 19. Ne3 O-O-O 20. Rf2 Rhg8 21. Raf1 c4 22.
dxc4 Qe7 23. fxg6 Rxg6 24. Qh4 Rdg8 25. Rxf6 Qc5 26. Rxg6 hxg6 27. Kh2 Bxc4 28.
Rf6 Rd8 29. Nxc4 Qxc4 30. Qg4+ Kb8 31. Qxg6 Rg8 32. Qh7 Rd8 33. Qe7 Qg8 34. Rf7 1-0

[Event "3rd Sharjah Masters 2019"]
[Site "Sharjah UAE"]
[Date "2019.03.24"]
[Round "3.11"]
[White "Iniyan, P"]
[Black "Yakubboev, Nodirbek"]
[Result "1/2-1/2"]
[WhiteTitle "IM"]
[BlackTitle "IM"]
[WhiteElo "2487"]
[BlackElo "2569"]
[WhiteFideId "25002767"]
[BlackFideId "14203987"]
[EventDate "2019.03.22"]

1. d4 Nf6 2. c4 e6 3. Nc3 Bb4 4. e3 O-O 5. Bd3 d5 6. Nf3 dxc4 7. Bxc4 c5 8. O-O
Nbd7 9. Qb3 a6 10. a4 Qe7 11. Bd2 Rd8 12. Rfd1 Rb8 13. dxc5 Bxc5 14. e4 Ng4 15.
Bg5 Bxf2+ 16. Kh1 f6 17. Bxe6+ Kh8 18. Bxg4 fxg5 19. Qd5 Bb6 20. Nxg5 Nf6 21.
Qb3 Rxd1+ 22. Bxd1 Bc7 23. e5 h6 24. Qf7 Ng8 25. Bb3 Bd7 26. Qxe7 Nxe7 27. Nf7+
Kh7 28. Rf1 Bc6 29. Nd6 Rd8 30. Bc2+ Kg8 31. Bb3+ Kh7 1/2-1/2

[Event "3rd Sharjah Masters 2019"]
[Site "Sharjah UAE"]
[Date "2019.03.24"]
[Round "3.12"]
[White "Aditya, Mittal"]
[Black "Fier, Alexandr"]
[Result "0-1"]
[WhiteTitle "CM"]
[BlackTitle "GM"]
[WhiteElo "2454"]
[BlackElo "2551"]
[WhiteFideId "35042025"]
[BlackFideId "2107139"]
[EventDate "2019.03.22"]

1. d4 Nf6 2. c4 g6 3. Nc3 d5 4. cxd5 Nxd5 5. Bd2 Bg7 6. e4 Nb6 7. Be3 O-O 8. h3
e5 9. Nf3 exd4 10. Bxd4 Bh6 11. Bxb6 Qxd1+ 12. Rxd1 axb6 13. Bc4 c6 14. Ne5 Bg5
15. Nf3 Be7 16. e5 Na6 17. Ne4 Nc5 18. Nxc5 bxc5 19. a3 b5 20. Bd3 Be6 21. Be4
Rfc8 22. O-O Ra4 23. Bc2 Ra7 24. Be4 Kf8 25. Rd2 Ke8 26. Rfd1 h5 27. Ne1 Bb3 28.
Bc2 Bd5 29. Nd3 g5 30. Nc1 Rca8 31. Ne2 b4 32. axb4 cxb4 33. Nd4 Ra1 34. Bb3
Rxd1+ 35. Rxd1 Ra5 36. Rc1 Bxb3 37. Nxb3 Rxe5 38. Nd4 c5 39. Nc6 Rd5 40. Re1 Rd7
41. Ne5 Rd6 42. Nc4 Ra6 43. b3 Ra8 44. g4 h4 45. Rd1 Ra2 46. Rd5 Rc2 47. Ne3 Rc3
48. Nf5 Rxb3 49. Re5 Rxh3 50. Nxe7 b3 51. Rxc5 Kxe7 52. Kg2 Kd6 53. Rxg5 Rd3 54.
Rb5 Kc6 55. Rb8 Kc5 56. Rb7 f6 57. f4 Kd4 58. g5 fxg5 59. f5 Rg3+ 60. Kf2 Rh3
61. f6 g4 62. Rc7 Kd3 63. Rb7 Rf3+ 64. Kg2 Kc2 65. Rc7+ Kb1 66. f7 b2 67. Rb7
Rf4 68. Rc7 g3 69. Kh3 Rf2 70. Rb7 g2 71. f8=Q Rxf8 72. Kxg2 Ra8 73. Kh3 Ra4 0-1

[Event "3rd Sharjah Masters 2019"]
[Site "Sharjah UAE"]
[Date "2019.03.24"]
[Round "3.13"]
[White "Chanda, Sandipan"]
[Black "Dimakiling, Oliver"]
[Result "1/2-1/2"]
[WhiteTitle "GM"]
[BlackTitle "IM"]
[WhiteElo "2534"]
[BlackElo "2423"]
[WhiteFideId "5004225"]
[BlackFideId "5202248"]
[EventDate "2019.03.22"]

1. d4 Nf6 2. c4 d6 3. Nc3 e5 4. Nf3 exd4 5. Nxd4 g6 6. g3 Bg7 7. Bg2 O-O 8. O-O
a5 9. h3 Na6 10. Ndb5 Re8 11. Re1 Nd7 12. Bf4 g5 13. Be3 Rxe3 14. fxe3 Ne5 15.
b3 Nc5 16. Rf1 Be6 17. Nd4 Qd7 18. Kh2 Re8 19. Qc2 c6 20. Rad1 Ng6 21. Ne4 Nxe4
22. Qxe4 Bxc4 23. Qf5 Qxf5 24. Rxf5 Ba6 25. Rxa5 Rxe3 26. Nf5 Rxe2 27. Rxd6 Bf8
28. Rd8 h5 29. Nd4 Rb2 30. Nf3 Kg7 31. Rf5 f6 32. Rd2 Rb1 33. Rd7+ Be7 34. Nd2
Rb2 35. Ne4 h4 36. Rxf6 Rxa2 37. gxh4 gxh4 38. Kg1 Ra1+ 39. Kh2 Ra2 40. Rf5 Kg8
41. Nc5 Bb5 42. Ne6 c5 43. Rxe7 Nxe7 44. Rf8+ Kh7 45. Rf7+ Kg6 46. Rxe7 Kf6 47.
Rxb7 Bc6 48. Rb6 Rxg2+ 49. Kh1 Re2+ 50. Rxc6 Rxe6 51. Rxc5 1/2-1/2

[Event "3rd Sharjah Masters 2019"]
[Site "Sharjah UAE"]
[Date "2019.03.24"]
[Round "3.14"]
[White "Debashis, Das"]
[Black "Kunal, M."]
[Result "1/2-1/2"]
[WhiteTitle "GM"]
[WhiteElo "2532"]
[BlackElo "2258"]
[WhiteFideId "5024854"]
[BlackFideId "5018250"]
[EventDate "2019.03.22"]

1. c4 Nf6 2. d4 e6 3. Nc3 Bb4 4. Nf3 b6 5. e3 Bb7 6. Bd3 Ne4 7. O-O Bxc3 8. bxc3
O-O 9. Ne1 f5 10. f3 Nf6 11. c5 bxc5 12. Ba3 Nd5 13. Qc1 Qg5 14. Nc2 Ba6 15. c4
f4 16. e4 Nb6 17. Bxc5 Qd8 1/2-1/2

[Event "3rd Sharjah Masters 2019"]
[Site "Sharjah UAE"]
[Date "2019.03.24"]
[Round "3.15"]
[White "Praveen, Kumar C"]
[Black "Vishnu Prasanna, V"]
[Result "1/2-1/2"]
[WhiteTitle "IM"]
[BlackTitle "GM"]
[WhiteElo "2243"]
[BlackElo "2524"]
[WhiteFideId "5007372"]
[BlackFideId "5030692"]
[EventDate "2019.03.22"]

1. d4 d5 2. c4 e6 3. Nf3 Nf6 4. g3 g6 5. Bg2 Bg7 6. O-O O-O 7. Qc2 Na6 8. Rd1 b6
9. Bf4 Bb7 10. a3 c5 11. Nc3 Qe7 12. cxd5 exd5 13. Be5 Nc7 14. Rac1 cxd4 15.
Bxd4 Rfd8 16. Qb3 Ne6 17. Nb5 Nc5 18. Qe3 Qd7 19. Bxf6 Bxf6 20. Nbd4 Re8 21. Qf4
Bg7 22. b4 Re4 23. Qd2 Ne6 24. Nxe6 Rxe6 25. e3 Ree8 26. Nd4 Rac8 27. Bf1 a6 28.
Rxc8 Rxc8 29. Rc1 Rc7 30. Rxc7 Qxc7 31. Bd3 Kf8 32. Be2 Bf6 1/2-1/2

[Event "3rd Sharjah Masters 2019"]
[Site "Sharjah UAE"]
[Date "2019.03.24"]
[Round "3.18"]
[White "Kryvoruchko, Yuriy"]
[Black "Asgarizadeh, Ahmad"]
[Result "1-0"]
[WhiteTitle "GM"]
[BlackTitle "IM"]
[WhiteElo "2680"]
[BlackElo "2434"]
[WhiteFideId "14109182"]
[BlackFideId "12505684"]
[EventDate "2019.03.22"]

1. e4 e5 2. Nf3 Nc6 3. Bb5 a6 4. Ba4 Nf6 5. O-O Be7 6. Re1 b5 7. Bb3 d6 8. c3
O-O 9. h3 Na5 10. Bc2 c5 11. d4 Nd7 12. Nbd2 exd4 13. cxd4 Nc6 14. d5 Nce5 15.
a4 Rb8 16. Nxe5 Nxe5 17. f4 Ng6 18. Nf3 Bh4 19. Rf1 Bg3 20. f5 Ne5 21. Ng5 h6
22. f6 gxf6 23. Nf3 Kg7 24. Ra3 b4 25. Nxe5 Bxe5 26. Raf3 Rh8 27. Bf4 Rb7 28.
Qe1 Bxf4 29. Rxf4 f5 30. e5 dxe5 31. Qxe5+ f6 32. Qe3 Qd6 33. Qg3+ Kh7 34. Qg4
Rg8 35. Bxf5+ Bxf5 36. Qxf5+ Rg6 37. Rg4 Rg7 38. Re1 Qd7 39. Re6 1-0

[Event "3rd Sharjah Masters 2019"]
[Site "Sharjah UAE"]
[Date "2019.03.24"]
[Round "3.19"]
[White "Sjugirov, Sanan"]
[Black "Buksa, Nataliya"]
[Result "1-0"]
[WhiteTitle "GM"]
[BlackTitle "IM"]
[WhiteElo "2667"]
[BlackElo "2416"]
[WhiteFideId "4189302"]
[BlackFideId "14123622"]
[EventDate "2019.03.22"]

1. d4 Nf6 2. c4 e6 3. Nc3 d5 4. cxd5 exd5 5. Bg5 c6 6. e3 Nbd7 7. Bd3 Be7 8.
Nge2 Nf8 9. O-O Ne6 10. Bh4 O-O 11. b4 g6 12. b5 Nh5 13. Bxe7 Qxe7 14. bxc6 bxc6
15. Qa4 Nd8 16. Rab1 Ng7 17. Nf4 Bf5 18. Qa6 Bc8 19. Qa4 Bf5 20. Rfe1 h5 21.
Bxf5 Nxf5 22. e4 Qd6 23. Nxh5 dxe4 24. Nxe4 Qc7 25. Nhf6+ Kg7 26. Rbc1 Qf4 27.
d5 Rh8 28. g3 Qh6 29. Ng4 Qh3 30. Ng5 Qh5 31. Qf4 f6 32. Qc7+ Kf8 33. Qd7 Ng7
34. Qe7+ Kg8 35. Nxf6# 1-0

[Event "3rd Sharjah Masters 2019"]
[Site "Sharjah UAE"]
[Date "2019.03.24"]
[Round "3.21"]
[White "Mendonca, Leon Luke"]
[Black "Adly, Ahmed"]
[Result "0-1"]
[WhiteTitle "CM"]
[BlackTitle "GM"]
[WhiteElo "2446"]
[BlackElo "2611"]
[WhiteFideId "35028561"]
[BlackFideId "10601619"]
[EventDate "2019.03.22"]

1. d4 Nf6 2. c4 e6 3. Nc3 Bb4 4. e3 O-O 5. Bd3 d5 6. cxd5 exd5 7. Ne2 Re8 8. O-O
Bd6 9. Nf4 c6 10. h3 Nbd7 11. Qf3 Nf8 12. Bd2 Qe7 13. Rad1 Ne4 14. Bb1 f5 15.
Nxe4 fxe4 16. Qe2 Qg5 17. f3 Bf5 18. fxe4 Bxe4 19. Bxe4 Rxe4 20. Qf3 Ng6 21.
Nxg6 Qxg6 22. Rde1 Bg3 23. Re2 Rae8 24. a3 h6 25. Be1 Bc7 26. Bd2 Bg3 27. Be1
Bd6 28. Bb4 Rf8 29. Qxf8+ Bxf8 30. Rxf8+ Kh7 31. Rf3 Qe6 32. Kf1 b6 33. Bd2 c5
34. dxc5 bxc5 35. Ref2 Qb6 36. Bc1 Rc4 37. Bd2 Qxb2 38. Kg1 Rc2 0-1

[Event "3rd Sharjah Masters 2019"]
[Site "Sharjah UAE"]
[Date "2019.03.24"]
[Round "3.22"]
[White "Zou, Chen"]
[Black "Pichot, Alan"]
[Result "0-1"]
[WhiteTitle "FM"]
[BlackTitle "GM"]
[WhiteElo "2397"]
[BlackElo "2584"]
[WhiteFideId "8610959"]
[BlackFideId "110973"]
[EventDate "2019.03.22"]

1. e4 c5 2. Nf3 Nc6 3. d4 cxd4 4. Nxd4 Nf6 5. Nc3 d6 6. Bg5 e6 7. Qd2 a6 8.
O-O-O Be7 9. f3 Nxd4 10. Qxd4 b5 11. h4 Bb7 12. g4 Qa5 13. Kb1 b4 14. Ne2 d5 15.
e5 Bc5 16. Qd2 Nd7 17. Nd4 Qc7 18. Re1 Rc8 19. Nb3 Bf8 20. Bf4 Be7 21. g5 Nb6
22. Bd3 Nc4 23. Qc1 a5 24. h5 a4 25. Nd4 Qb6 26. Be3 Bc5 27. Bxc4 dxc4 28. c3 a3
29. Rd1 b3 30. bxa3 Ra8 31. axb3 cxb3 32. Qb2 Bxa3 33. Qe2 Qa5 34. Nxb3 Qxe5 35.
Qd2 Qf5+ 36. Qd3 Bxf3 37. Qxf5 exf5 38. Kc2 Be4+ 39. Kd2 Rb8 40. Bd4 O-O 41. Nc5
Bxh1 42. Rxh1 Rfd8 43. Nd3 Be7 44. Rg1 Rb5 45. Ke3 Re8 46. Kf3 Bd6 47. h6 g6 48.
Bf6 Rd5 49. Nf4 Bxf4 50. Kxf4 Rd3 51. Be5 Rh3 52. Re1 f6 53. gxf6 Kf7 54. Kg5
Rh5+ 55. Kf4 Rxh6 56. Rg1 Rh4+ 57. Kg5 Rh5+ 58. Kf4 g5+ 59. Kxf5 g4+ 60. Kxg4
Rhxe5 0-1

[Event "3rd Sharjah Masters 2019"]
[Site "Sharjah UAE"]
[Date "2019.03.24"]
[Round "3.24"]
[White "Dhulipalla, Bala Chandra Prasad"]
[Black "Deepan, Chakkravarthy J."]
[Result "1/2-1/2"]
[WhiteTitle "IM"]
[BlackTitle "GM"]
[WhiteElo "2384"]
[BlackElo "2534"]
[WhiteFideId "25005812"]
[BlackFideId "5011132"]
[EventDate "2019.03.22"]

1. d4 Nf6 2. c4 e6 3. g3 c5 4. d5 exd5 5. cxd5 d6 6. Nc3 g6 7. Nf3 Bg7 8. Bg2
O-O 9. O-O Re8 10. Bf4 Bf5 11. Nh4 Bg4 12. Qd2 b5 13. Rfe1 a6 14. a3 Ra7 15. e4
Rae7 16. Bg5 Qd7 17. Qf4 Nh5 18. Qd2 Nf6 19. Qf4 Nh5 20. Qd2 Nf6 1/2-1/2

[Event "3rd Sharjah Masters 2019"]
[Site "Sharjah UAE"]
[Date "2019.03.24"]
[Round "3.26"]
[White "Megaranto, Susanto"]
[Black "Sharma, Dinesh K."]
[Result "1-0"]
[WhiteTitle "GM"]
[BlackTitle "IM"]
[WhiteElo "2526"]
[BlackElo "2286"]
[WhiteFideId "7101384"]
[BlackFideId "5004110"]
[EventDate "2019.03.22"]

1. c4 e5 2. Nc3 Bb4 3. Nd5 Bc5 4. e3 c6 5. Nc3 d6 6. g3 Nf6 7. Bg2 O-O 8. Nge2
Re8 9. O-O Bb6 10. b3 h5 11. d4 h4 12. dxe5 dxe5 13. Qxd8 Bxd8 14. gxh4 Nbd7 15.
Ng3 Nf8 16. h5 Bg4 17. h3 Bxh5 18. Nxh5 Nxh5 19. Ne4 Be7 20. Bb2 Ng6 21. Rfd1
Rad8 22. Bf3 Nf6 23. Bc3 Nxe4 24. Bxe4 Nf8 25. Rxd8 Bxd8 26. b4 a6 27. b5 axb5
28. cxb5 cxb5 29. Bxb7 Be7 30. Rb1 b4 31. Bxb4 Bxb4 32. Rxb4 Rb8 33. a4 Ne6 34.
a5 Nc7 35. Rb6 Kf8 36. Kg2 Ke7 37. Kf3 g6 38. Kg4 Kd8 39. Bc6 Rxb6 40. axb6 Na6
41. Kg5 Nb4 42. Bb5 Nd5 43. b7 Kc7 44. Bc4 Nc3 45. Bxf7 Kxb7 46. Kxg6 Nd1 47. h4
Nxf2 48. h5 Ng4 49. h6 1-0

[Event "3rd Sharjah Masters 2019"]
[Site "Sharjah UAE"]
[Date "2019.03.24"]
[Round "3.27"]
[White "Raghunandan, Kaumandur Srihari"]
[Black "Arencibia Rodriguez, Walter"]
[Result "1/2-1/2"]
[WhiteTitle "IM"]
[BlackTitle "GM"]
[WhiteElo "2352"]
[BlackElo "2506"]
[WhiteFideId "25004964"]
[BlackFideId "3500012"]
[EventDate "2019.03.22"]

1. e4 e5 2. Nf3 Nc6 3. Bc4 Bc5 4. O-O Nf6 5. d3 d6 6. c3 a6 7. a4 Ba7 8. Re1 h6
9. Nbd2 O-O 10. h3 Be6 11. Bxe6 fxe6 12. b4 Nh5 13. Nf1 Nf4 14. Bxf4 Rxf4 15. b5
Ne7 16. d4 Ng6 17. N1h2 axb5 18. axb5 Bb6 19. Qb3 Rxa1 20. Qxe6+ Kh7 21. Rxa1
Rxe4 22. Ng4 Qe7 23. Qd5 exd4 24. cxd4 Qe6 25. Qh5 Kg8 26. Ra8+ Nf8 27. Nh4 Qf7
28. Qg6 Qxg6 29. Nxg6 Kf7 30. Nxf8 Bxd4 31. Kh2 Rf4 32. Kg3 Rf5 33. b6 Bxb6 34.
Nd7 Bd4 35. Rc8 h5 36. Ne3 Bxe3 37. fxe3 Ke6 38. Rxc7 Rf7 39. Rxb7 Rxd7 40. Rxd7
Kxd7 41. Kh4 Ke6 42. Kxh5 Kf5 43. h4 d5 44. g3 Ke4 45. Kg6 Kxe3 46. Kxg7 d4 47.
h5 d3 48. h6 d2 49. h7 d1=Q 50. h8=Q Qd4+ 51. Kh7 Qxh8+ 52. Kxh8 Kf3 53. Kg7
Kxg3 1/2-1/2

[Event "3rd Sharjah Masters 2019"]
[Site "Sharjah UAE"]
[Date "2019.03.24"]
[Round "3.28"]
[White "Sindarov, Javokhir"]
[Black "Sidhant, Mohapatra"]
[Result "1-0"]
[WhiteTitle "GM"]
[BlackTitle "IM"]
[WhiteElo "2505"]
[BlackElo "2348"]
[WhiteFideId "14205483"]
[BlackFideId "5028698"]
[EventDate "2019.03.22"]

1. e4 e5 2. Nf3 Nf6 3. d3 Nc6 4. Nbd2 Bc5 5. Be2 Ng4 6. O-O d6 7. c3 a6 8. h3
Nf6 9. Re1 Ba7 10. Nf1 Ne7 11. Ng3 Ng6 12. d4 O-O 13. c4 Re8 14. Bf1 c6 15. Be3
h6 16. Qc2 Qc7 17. Rad1 Be6 18. b3 Bb6 19. Qb2 Rad8 20. c5 dxc5 21. dxc5 Ba7 22.
Qc3 Bb8 23. Nd2 Ne7 24. Bc4 Bxc4 25. Nxc4 Rxd1 26. Rxd1 Rd8 27. Rd2 Ng6 28.
Rxd8+ Qxd8 29. Qb4 Qd7 30. Na5 h5 31. Qxb7 Bc7 32. Nxc6 h4 33. Nf5 Nxe4 34.
Nfe7+ Nxe7 35. Nxe7+ Qxe7 36. Qxe4 Qd8 37. b4 g6 38. Qc2 e4 39. a4 Qd7 40. Qb3
Qe7 41. Kf1 Qe5 42. Ke2 Qh2 43. b5 Qxg2 44. b6 Qf3+ 45. Ke1 Be5 46. b7 Qh1+ 47.
Kd2 Qh2 48. Qd5 Bf4 49. Kc3 1-0

[Event "3rd Sharjah Masters 2019"]
[Site "Sharjah UAE"]
[Date "2019.03.24"]
[Round "3.29"]
[White "Sri, Sai Baswanth P"]
[Black "Matlakov, Maxim"]
[Result "1/2-1/2"]
[BlackTitle "GM"]
[WhiteElo "2018"]
[BlackElo "2692"]
[WhiteFideId "25088793"]
[BlackFideId "4168003"]
[EventDate "2019.03.22"]

1. d4 Nf6 2. Bf4 c5 3. e3 d5 4. c3 Nc6 5. Nd2 Bf5 6. Ngf3 e6 7. Qb3 Qc8 8. c4
cxd4 9. Nxd4 Bb4 10. Nxf5 exf5 11. cxd5 Qd7 12. O-O-O Qxd5 13. Nc4 Qe6 14. Bd6 1/2-1/2

[Event "3rd Sharjah Masters 2019"]
[Site "Sharjah UAE"]
[Date "2019.03.24"]
[Round "3.30"]
[White "Panda, Sambit"]
[Black "Mareco, Sandro"]
[Result "1/2-1/2"]
[BlackTitle "GM"]
[WhiteElo "2218"]
[BlackElo "2666"]
[WhiteFideId "25091794"]
[BlackFideId "112275"]
[EventDate "2019.03.22"]

1. d4 Nf6 2. c4 e6 3. Nf3 d5 4. Nc3 c6 5. e3 Nbd7 6. Qc2 Bd6 7. Bd3 dxc4 8. Bxc4
b5 9. Be2 Bb7 10. O-O a6 11. e4 e5 12. Rd1 Qc7 13. dxe5 Nxe5 14. Nd4 Ned7 15. g3
g6 16. f4 Bc5 17. Be3 Bxd4 18. Bxd4 c5 19. Nd5 Bxd5 20. exd5 O-O 21. Rac1 Rac8
22. Bf2 Qd6 23. a4 c4 24. axb5 axb5 25. b3 Nb6 1/2-1/2

[Event "3rd Sharjah Masters 2019"]
[Site "Sharjah UAE"]
[Date "2019.03.24"]
[Round "3.31"]
[White "Harsha, Bharathakoti"]
[Black "Sapaev, Maksad"]
[Result "1-0"]
[WhiteTitle "GM"]
[WhiteElo "2497"]
[BlackElo "2214"]
[WhiteFideId "5078776"]
[BlackFideId "14202700"]
[EventDate "2019.03.22"]

1. d4 Nf6 2. c4 e6 3. Nc3 Bb4 4. g3 c5 5. Nf3 b6 6. Bg2 Bb7 7. O-O cxd4 8. Qxd4
O-O 9. Rd1 Nc6 10. Qd3 Na5 11. Bd2 Rc8 12. b3 Qe7 13. Nb5 Bxd2 14. Rxd2 Be4 15.
Qd6 Qd8 16. Rad1 a6 17. Nc3 Bc6 18. Ne5 Bxg2 19. Kxg2 h6 20. Rd4 Nb7 21. Qa3 Qc7
22. Nxd7 Qc6+ 23. Kg1 Nxd7 24. Rxd7 b5 25. Qb4 Qc5 26. a3 Qxb4 27. axb4 bxc4 28.
Rxb7 cxb3 29. Na4 Rc2 30. Rb1 Rxe2 31. Rxb3 Rc8 32. Rf3 f5 33. Re3 Rc1+ 34. Kg2
Ra2 35. Nc5 Rcc2 36. Rf3 Re2 37. Re7 Rab2 38. Nxe6 Rxb4 39. Rxf5 Rb8 40. Rxg7+
Kh8 41. Rg6 Kh7 42. Nf4 1-0

[Event "3rd Sharjah Masters 2019"]
[Site "Sharjah UAE"]
[Date "2019.03.24"]
[Round "3.32"]
[White "Nigmatov, Ortik"]
[Black "Srihari, L R"]
[Result "1-0"]
[WhiteTitle "IM"]
[BlackTitle "FM"]
[WhiteElo "2478"]
[BlackElo "2211"]
[WhiteFideId "14202131"]
[BlackFideId "46617116"]
[EventDate "2019.03.22"]

1. e4 c6 2. d4 d5 3. e5 Bf5 4. h4 h5 5. Bd3 Bxd3 6. Qxd3 e6 7. Bg5 Qb6 8. Nd2 c5
9. c4 Nc6 10. Ngf3 Be7 11. O-O Bxg5 12. hxg5 O-O-O 13. cxd5 Rxd5 14. Nc4 Qc7 15.
Rac1 cxd4 16. Nd6+ Kb8 17. b4 Rxd6 18. exd6 Qxd6 19. b5 Nb4 20. Qa3 Ne7 21. Rc4
Ned5 22. Rxd4 Qe7 23. Qb3 Rc8 24. Rc4 Rxc4 25. Qxc4 Nc7 26. Rd1 Nbd5 27. a4 Kc8
28. Qd4 f6 29. Qxa7 fxg5 30. b6 Qc5 31. a5 g4 32. Ne5 g3 33. Qb8+ Kxb8 34. Nd7+
Kc8 35. Nxc5 gxf2+ 36. Kxf2 Ne8 37. a6 Nef6 38. Rb1 Kb8 39. a7+ Ka8 40. Nxe6
Ne4+ 41. Kg1 Nd6 42. Rd1 Nxb6 43. Rxd6 Kxa7 44. Nxg7 h4 45. Rd4 1-0

[Event "3rd Sharjah Masters 2019"]
[Site "Sharjah UAE"]
[Date "2019.03.24"]
[Round "3.34"]
[White "Tokhirjonova, Gulrukhbegim"]
[Black "Bouzidi, Ahmed"]
[Result "1-0"]
[WhiteTitle "WGM"]
[BlackTitle "CM"]
[WhiteElo "2434"]
[BlackElo "2199"]
[WhiteFideId "14203626"]
[BlackFideId "5501733"]
[EventDate "2019.03.22"]

1. e4 e5 2. Nf3 Nc6 3. d4 exd4 4. Nxd4 Nf6 5. Nxc6 bxc6 6. e5 Qe7 7. Qe2 Nd5 8.
c4 Ba6 9. Nd2 g6 10. Nf3 Bg7 11. Bg5 Qb4+ 12. Qd2 Qxd2+ 13. Bxd2 Nb6 14. b3 f6
15. exf6 Bxf6 16. O-O-O c5 17. Bd3 Bb7 18. Rhe1+ Kf7 19. Ng5+ Kg7 20. Be4 Bxg5
21. Bxg5 Bxe4 22. Rxe4 Rae8 23. Be7 d6 24. Rde1 Nd7 25. Bxd6 Rxe4 26. Rxe4 cxd6
27. Re7+ Kf6 28. Rxd7 Ke5 29. Rxa7 g5 30. Kd2 h5 31. a4 Rf8 32. Re7+ Kf6 33. Re2
g4 34. Kc3 h4 35. a5 Ra8 36. Ra2 Ke5 37. a6 Ra7 38. b4 1-0

[Event "3rd Sharjah Masters 2019"]
[Site "Sharjah UAE"]
[Date "2019.03.24"]
[Round "3.35"]
[White "Paramzina, Anastasya"]
[Black "Shyaamnikhil, P"]
[Result "1/2-1/2"]
[WhiteTitle "WGM"]
[BlackTitle "IM"]
[WhiteElo "2196"]
[BlackElo "2429"]
[WhiteFideId "4165012"]
[BlackFideId "5024218"]
[EventDate "2019.03.22"]

1. e4 c5 2. Nf3 d6 3. d4 Nf6 4. Nc3 cxd4 5. Nxd4 a6 6. Be3 e5 7. Nf3 Be7 8. Bc4
O-O 9. O-O Nc6 10. Bg5 Na5 11. Be2 Be6 12. Bxf6 Bxf6 13. Nd5 Bxd5 14. Qxd5 Rc8
15. b4 Nc6 16. a3 Qc7 17. c4 a5 18. Rab1 axb4 19. axb4 Rfd8 20. Qd2 Ra8 21. Ra1
Qb6 22. b5 Nd4 23. Nxd4 exd4 24. Bd3 Ra7 25. Ra2 Rda8 26. Rfa1 Qc5 27. g3 g6 28.
Kg2 Kg7 29. h4 h6 30. Rxa7 Rxa7 31. Rxa7 Qxa7 32. Qb4 Qb6 1/2-1/2

[Event "3rd Sharjah Masters 2019"]
[Site "Sharjah UAE"]
[Date "2019.03.24"]
[Round "3.36"]
[White "Laxman, R.R."]
[Black "Zarkovic, Mila"]
[Result "1-0"]
[WhiteTitle "GM"]
[BlackTitle "WIM"]
[WhiteElo "2425"]
[BlackElo "2187"]
[WhiteFideId "5005361"]
[BlackFideId "900451"]
[EventDate "2019.03.22"]

1. d4 Nf6 2. Nf3 e6 3. c4 Bb4+ 4. Bd2 a5 5. Nc3 d6 6. g3 Nbd7 7. Bg2 O-O 8. O-O
e5 9. a3 Bxc3 10. Bxc3 Qe7 11. Qc2 Re8 12. e3 a4 13. Rad1 h6 14. Nh4 e4 15. f3
Nb6 16. fxe4 Nxe4 17. Bb4 Bg4 18. Rde1 c5 19. Rf4 cxb4 20. Rxg4 Ng5 21. Nf5 1-0

[Event "3rd Sharjah Masters 2019"]
[Site "Sharjah UAE"]
[Date "2019.03.24"]
[Round "3.37"]
[White "Raja, Rithvik R"]
[Black "Jaeel, Atharva"]
[Result "1-0"]
[WhiteTitle "IM"]
[WhiteElo "2423"]
[BlackElo "2145"]
[WhiteFideId "35007394"]
[BlackFideId "35041576"]
[EventDate "2019.03.22"]

1. d4 Nf6 2. c4 e6 3. Nf3 d5 4. Bg5 Be7 5. e3 O-O 6. Nc3 Nbd7 7. Qc2 c5 8. Rd1
cxd4 9. Rxd4 h6 10. Bh4 Bc5 11. Rd1 Qa5 12. Nd2 Bb4 13. cxd5 Bxc3 14. Qxc3 Qxc3
15. bxc3 Nxd5 16. Ne4 g5 17. Bg3 f5 18. Nd6 Nxc3 19. Rd4 Nb6 20. h4 g4 21. Kd2
Ncd5 22. Bd3 Ne7 23. Bb5 a6 24. Bc4 Nc6 25. Rb1 Nxc4+ 26. Rxc4 Rd8 27. Ke1 Ra7
28. e4 Kf8 29. Bf4 Kg7 30. Bxh6+ Kh7 31. Nxc8 Rxc8 32. Be3 Raa8 33. Rxb7+ Kg6
34. exf5+ Kxf5 35. Rf4+ Ke5 36. Rxg4 Rab8 37. Bf4+ Kf5 38. Bxb8 Kxg4 39. Bg3 e5
40. Rg7+ Kf5 41. h5 Nd4 42. h6 Ke4 43. h7 Kd3 44. f3 Rc1+ 45. Kf2 Rh1 46. Bxe5
Nf5 47. Rd7+ 1-0